000 00736nam a2200229 a 4500
001 BRCA_6440
005 20190321142929.0
008 220911s19uu----sz-a######---#000-0#ger-#
041 _ager
044 _asz
050 4 _b.K38 1920
245 1 0 _aKatalog 51
_bFrühdrucke Holzschnittbücher Kupferstichwerke, Erstausgaben der Literatur Medizin, Technik und Wissenschaften, Varia.
260 _aSuiza
_bL´Art Ancien
_c[19--?]
300 _a95 p.
_bil., 4 láminas
_c23 cm.
500 _aCatálogo de subasta inventariado por Banco de México como libro
500 _aCDE53
650 1 4 _aGrabados
_vCatálogos
_910348
650 1 4 _aLibros antiguos
_vCatálogos
_915985
650 1 4 _aSubastas
_97837
902 _aGFM
942 _2lcc
_cB
999 _c6124
_d6124